La documentación / (Registro nro. 6641)
[ vista simple ]
| 000 -CABECERA | |
|---|---|
| campo de control de longitud fija | 00992cam a2200241 a 4500 |
| 008 - CÓDIGOS DE INFORMACIÓN DE LONGITUD FIJA | |
| fixed length control field | 891012s19680000py 0 spa d |
| 015 ## - | |
| -- | NNN |
| 035 ## - SYSTEM CONTROL NUMBER | |
| System control number | (Sirsi) 14912 |
| 040 ## - Fuente de catalogación | |
| Agencia original de catalogación | CO-BoPUJ |
| Agencia de transcripción | CO-JMCR |
| 041 ## - CÓDIGO DE LENGUA | |
| Código idioma | spa |
| 082 04 - NÚMERO DE LA CLASIFICACIÓN DECIMAL DEWEY | |
| Número de clasificación Decimal | 010 / |
| Número de documento (Cutter) | L781d |
| 100 1# - PUNTO DE ACCESO PRINCIPAL-NOMBRE DE PERSONA | |
| Nombre personal | Litton, Gaston |
| Término de función/relación | autor |
| 9 (RLIN) | 1222 |
| 245 13 - TÍTULO PROPIAMENTE DICHO | |
| Título | La documentación / |
| Mención de responsabilidad, etc. | Gaston Litton |
| 260 ## - PUBLICACIÓN, DISTRIBUCIÓN, ETC. (PIE DE IMPRENTA) | |
| Lugar de publicación, distribución, etc. | Argentina : |
| Nombre del editor, distribuidor, etc. | Bowker, |
| Fecha de publicación, distribución, etc. | 1971 |
| 300 ## - DESCRIPCIÓN FÍSICA | |
| Extensión | 177 páginas ; |
| Dimensiones | 17 cm. |
| 440 ## - SERIES | |
| Titulo | Breviarios del Bibliotecario |
| 9 (RLIN) | 1223 |
| 505 ## - NOTA DE CONTENIDO FORMATADO | |
| Nota de contenido formateada | La investigación -- La documentación -- Servicio de documentación -- La coordinación de la documentación nacional -- Los archivos --- La biografía Los catálogos -- La clasificación -- Los índices -- Resúmenes, traducciones y reprografías -- Las computadoras electrónicas -- La imagen de la biblioteca del futuro |
| 546 ## - LANGUAGE NOTE | |
| Language note | spa |
| 650 24 - TÉRMINO DE MATERIA | |
| 9 (RLIN) | 1224 |
| 650 24 - TÉRMINO DE MATERIA | |
| 9 (RLIN) | 1225 |
| Withdrawn status | Lost status | Source of classification or shelving scheme | Damaged status | Not for loan | Home library | Current library | Shelving location | Date acquired | Source of acquisition | Cost, normal purchase price | Total Checkouts | Full call number | Barcode | Date last seen | Copy number | Price effective from | Koha item type |
|---|---|---|---|---|---|---|---|---|---|---|---|---|---|---|---|---|---|
| Dewey Decimal Classification | Biblioteca Pública José María del Castillo y Rada | Biblioteca Pública José María del Castillo y Rada | Processing Center | 04/15/2018 | Donación | 0.00 | 010 / L781d | 430004133 | 05/16/2024 | Ej.1 | 03/05/2020 | Books |